000 00626 a2200169 4500
003 Nust
005 20230119173258.0
040 _cNust
082 _a665.89,CAR
100 _aCarbon
_9107157
245 _aCarbon Dioxide extingushing systems /
260 _aLondon
_bNational fire Protection
_c1969
300 _a104
505 _aGeneral Information and Requirements (Page-12-5), Total Flooding Systems (Page-12-28), Local Application Systems (Page-12-38), Hand Hose Line Systems (Page-12-45), Standpipe Systems and Mobile Supply (Page- 12-48).
650 _aCarbon Dioxide extingushing systems
_9107158
942 _2ddc
_cBK
999 _c185006
_d185006